Dr. Czibula és társai a bíróság előtt dr. Czibula vallomása : hogyan és miért szökött meg Szegedről a direktórium : Barta László a dandárparancsnok : „Egy felvonásos bohózat volt az egész."

Elmentve itt :
Bibliográfiai részletek
Dokumentumtípus: Cikk
Megjelent: 1920-04-16
Sorozat:Délmagyarország 9 No. 87
Kulcsszavak:Czibula Antal, Barta László, Kommunista per direktórium Szeged 1920, Czibula-per 1920
Online Access:http://dmarchiv.bibl.u-szeged.hu/44731
LEADER 00656nab a2200145 i 4500
001 delm44731
005 20180927131932.0
008 180927s1920 hu o 0|| hun d
040 |a SZTE Délmagyarország Archívum  |b hun 
041 |a hun 
245 0 0 |a Dr. Czibula és társai a bíróság előtt   |h [elektronikus dokumentum] :  |b dr. Czibula vallomása : hogyan és miért szökött meg Szegedről a direktórium : Barta László a dandárparancsnok : „Egy felvonásos bohózat volt az egész." 
260 |c 1920-04-16 
300 |a 3 
490 0 |a Délmagyarország  |v 9 No. 87 
695 |a Czibula Antal, Barta László, Kommunista per direktórium Szeged 1920, Czibula-per 1920